| 000 | 00440nam a22001457a 4500 | ||
|---|---|---|---|
| 008 | 230426b |||||||| |||| 00| 0 eng d | ||
| 040 |
_aNational Science Library _cNational Science Library |
||
| 080 |
_a669.35'5 _bJ8 |
||
| 245 |
_aBrasses and other: _bCopper-zinc alloys _c/ CDA |
||
| 260 |
_aLondon: _bCopper Development Association, _c1958 |
||
| 300 | _a56p. | ||
| 650 | _aChemical technology | ||
| 653 | _aBrass | ||
| 942 |
_2udc _cREF |
||
| 999 |
_c23795 _d23795 |
||